Una mirada a la ciencia : antología de la revista ¿cómo ves?. Revista de divulgación de la ciencia de la Universidad Nacional Autónoma de México.

I tiakina i:
Ngā taipitopito rārangi puna kōrero
Ngā kaituhi rangatōpū: México. Presidencia de la República Secretaría de Educación Pública, UNAM
Hōputu: Pukapuka
Reo:Pāniora
Rangatū:(Biblioteca para la actualización del maestro)
Ngā marau:
Ngā Tūtohu: Tāpirihia he Tūtohu
Kāore He Tūtohu, Me noho koe te mea tuatahi ki te tūtohu i tēnei pūkete!

MARC

LEADER 00000cam^a2200000uu^4500
001 000492119
005 20250521000000.0
008 050901s2000^^^^^^^^^^^^rd^r^^000^0^spa^d
009 20260310125431.871
022 |a 9701838777 
035 |a FCE 000035392 
035 |a FCE 035434 
037 |a Acervo ITESO - Biblioteca 
041 |a spa 
082 0 4 |a 372.35  |b SEPmi 
110 |a México. Presidencia de la República  |b Secretaría de Educación Pública 
245 1 4 |a Una mirada a la ciencia :  |b antología de la revista ¿cómo ves?. Revista de divulgación de la ciencia de la Universidad Nacional Autónoma de México. 
264 |a México :  |b SEP : UNAM, DGDC,  |c 2000. 
300 |a 110 p. 
336 |a texto  |b txt  |2 rdacontenido 
337 |a sin mediación  |b n  |2 rdamedio 
338 |a volumen  |b nc  |2 rdasoporte 
440 1 |a (Biblioteca para la actualización del maestro) 
649 |a XX 
650 |a Historia 
650 |a Educación básica 
650 |a Salud 
650 |a Geografía 
650 |a Tecnología 
650 |a Ciencia 
650 |a Actualización del docente 
650 |a Equipo científico 
650 |a Materias de apoyo 
710 |a UNAM 
910 |a Fondo Centro de Estudios Educativos 
920 |a Impresos - Libros 
930 |a Fondos Especiales 
905 |a 133 
901 |a ALE035434  |b IT2  |c CEE  |u 20250521 
901 |a ALE063189  |b IT2  |c CEE  |u 20250521 
901 |a ALE071339  |b IT2  |c CEE  |u 20250521 
902 |a https://opac.biblio.iteso.mx/vufind/Record/000492119